000 00351nam a2200097Ia 4500
008 180130s9999 xx 000 0 und d
245 _cClark, Jill; Kerski, Joseph
_aUsing geotechnology tools in sports coaching
260 _c2015
300 _aBook title: Practical sports coaching--Acession number C20229; pages 277-308
650 _aCOACHING (ATHLETICS)
999 _c354577
_d354577